000 00670 a2200181 4500
003 Nust
005 20170207153545.0
040 _cNust
082 _a005.1
100 _aToor, Yaseer Sarfaraz (MSCS-7)
245 _aAnalysis and Optimization of Power Conservation Algorithms in mobile Ad-hoc networks Using OLSR Protocol.
_cYaseer Sarfaraz Toor
260 _bMCS
_cAugust,2009
300 _a59 : p
505 _aIntroduction (page-1), Current power conservation techniques (page-7), Proposed power conservation algorithm (page-32), Network simulations (page-45), Conclusions (page-53).
538 _aAlmirah No 73 Shelf No 1
650 _aMSCS Thesis
651 _aMSCS-7
942 _cTHS
999 _c188592
_d188592